00620cam a22001812 4500001001100000005001700011008004100028020001700069040001500086100003100101245010500132250001300237260005100250300001600301650005100317700003500368700003500403000002504420151217160131.0141026s xx 000 0 eng d a0314027130 : aKABUcKABU1 aArbetman, Lee.@000006311810aStreet law :ba course in practical law /cby Lee P. Arbetman, Edward T. McMahon, Edward L. O'Brien. a5th ed. aMinneapolis :bWest publishing company,c1994. axix, 647 p. 0aLawxPopular workszUnited States.@00001854321 aMcMahon, Edward T.@00001854331 aO'Brien, Edward L.@0000185434